Statistiques concernant Pays qui achètent le plus d'armes à feu

Cliquez ici pour prendre le quiz!

Statistiques générales

  • Ce quiz a été pris 45 fois
  • Le résultat moyen est 6 sur 10

Statistiques - réponses

Réponse% Correct
4Chine
89%
2Inde
80%
6Pakistan
76%
7Israel
76%
1Arabie Saoudite
73%
8Syrie
62%
5Égypte
58%
10Algérie
49%
3Émirats Arabes Unis
36%
9Venezuela
18%

Distribution des résultats

Percentile par nombre de réponses

% des personnes avec chaque résultat

Votre développement - résultats

Vous n’avez pas pris ce quiz